Países que terminan en E - Estadísticas

Estadísticas generales
  • Esta prueba ha sido intentada 225 veces
    189 desde el último reinicio
  • La puntuación promedio es 5 de 9
Estadísticas de respuestas
Respuesta % Correcto
Chile
94%
Belice
82%
Chipre
69%
Mozambique
56%
Santo Tomé y Príncipe
54%
Zimbabue
50%
Cabo Verde
47%
Corea del Norte
43%
Macedonia del Norte
43%
No se encontraron pruebas coincidentes
Distribución de puntuación
Porcentaje de gente con cada puntuación
Porcentaje por número respondido
Historial de tus puntuaciones
No has intentado esta prueba desde el último reinicio